MARC details
| 000 -CABECERA |
| campo de control de longitud fija |
02735nab a2200277 a 4500 |
| 005 - FECHA Y HORA DE LA ÚLTIMA TRANSACCIÓN |
| campo de control |
20250318090305.0 |
| 008 - ELEMENTOS DE LONGITUD FIJA--INFORMACIÓN GENERAL |
| campo de control de longitud fija |
991125c2017 cr tr p o 000 0 spa d |
| 035 ## - NÚMERO DE CONTROL DEL SISTEMA |
| Número de control de sistema |
UPN01000217577 |
| 040 ## - FUENTE DE LA CATALOGACIÓN |
| Centro catalogador/agencia de origen |
UPN |
| Lengua de catalogación |
spa |
| Centro/agencia transcriptor |
UPN |
| Normas de descripción |
aacr2 |
| 049 ## - COLECCIÓN |
| Colección |
ART-E |
| 100 1# - ASIENTO PRINCIPAL--NOMBRE PERSONAL |
| Nombre de persona |
Maturano, Carla Inés |
| Enlace |
- cmatur@ffha.unsj.edu.ar |
| 100 1# - ASIENTO PRINCIPAL--NOMBRE PERSONAL |
| Nombre de persona |
Mazzitelli, Claudia Alejandra |
| 245 10 - MENCIÓN DE TÍTULO |
| Título |
Representaciones sociales de futuros docentes de Física y de Química sobre el manual escolar |
| Medio |
[recurso electrónico en línea] |
| 506 0# - NOTA DE RESTRICCIONES AL ACCESO |
| Limitaciones de acceso |
Acceso abierto |
| 520 3# - NOTA DE RESUMEN, ETC. |
| Sumario, etc. |
El libro de texto de ciencias naturales es considerado uno de los recursos más utilizados para enseñar y aprender en estas disciplinas. Los contenidos mostrados y las actividades que se desarrollan en las clases, propuestos a menudo en los libros de texto, suelen estar alejados de los intereses del estudiantado. Por esto, resulta interesante indagar las representaciones que el futuro docente posee sobre este objeto social para vislumbrar características de sus prácticas futuras. En este artículo, presentamos los resultados de un estudio exploratorio con futuros profesores y profesoras, cuyo objetivo es caracterizar sus representaciones sociales acerca del libro de texto o manual escolar de ciencias naturales. Los supuestos teóricos y la metodología, consistente en una técnica de evocación y jerarquización, se sustentan en el marco de la teoría de las representaciones sociales. Los participantes en la investigación constituyen una muestra de ocho estudiantes universitarios del último año de los profesorados en Física y en Química de la Universidad Nacional de San Juan (Argentina). Los resultados obtenidos, desde un abordaje predominantemente cualitativo, han permitido encontrar el contenido y la estructura, como así también las actitudes asociadas a las representaciones en estudio, destacándose un excesivo apego al manual como recurso para el diseño de las actividades del aula. Estos resultados servirían para formular recomendaciones tendientes a optimizar la utilidad del manual en su futura práctica profesional, buscando trascender el modelo tradicional de enseñanza e incorporar elementos de otros modelos alternativos que promuevan el interés hacia el aprendizaje de las ciencias. |
| 650 #4 - ASIENTO SECUNDARIO DE MATERIA - TERMINO TEMATICO |
| 9 (RLIN) |
15877 |
| Término de materia o nombre geográfico como elemento de entrada |
Representaciones sociales |
| 650 #4 - ASIENTO SECUNDARIO DE MATERIA - TERMINO TEMATICO |
| 9 (RLIN) |
10146 |
| Término de materia o nombre geográfico como elemento de entrada |
Ciencias naturales |
| 653 0# - TERMINO DE INDIZACION - NO CONTROLADO |
| Término no controlado |
Manuales escolares |
| 653 05 - TERMINO DE INDIZACION - NO CONTROLADO |
| Término no controlado |
Argentina |
| 773 ## - ENLACE AL DOCUMENTO FUENTE/ENTRADA DE REGISTRO ANFITRIÓN |
| Parte(s) relacionada(s) |
Vol. 17, no. 2 (2017), p. 1-20 |
| Título |
Actualidades investigativas en educación |
| Número Internacional Normalizado para Publicaciones Seriadas |
1409-4703 |
| 856 4# - LOCALIZACIÓN Y ACCESO ELECTRÓNICOS |
| Identificador Uniforme del Recurso |
<a href="https://revistas.ucr.ac.cr/index.php/aie/article/view/28203">https://revistas.ucr.ac.cr/index.php/aie/article/view/28203</a> |
| 856 4# - LOCALIZACIÓN Y ACCESO ELECTRÓNICOS |
| Identificador Uniforme del Recurso |
<a href="https://doi.org/10.15517/aie.v17i1.28203">https://doi.org/10.15517/aie.v17i1.28203</a> |
| 902 ## - ELEMENTOS DE DATOS B LOCAL, LDB (RLIN) |
| Creó |
Gloria Jiménez/1024 |
| 905 ## - TIPO DE MATERIAL |
| Tipo de material |
Articulo |
| 942 ## - ELEMENTOS DE PUNTO DE ACCESO ADICIONAL (KOHA) |
| Tipo de ítem Koha |
Artículo Electrónico |